|
|
|
|
| LEADER |
01124cas a2200241 a 4500 |
| 001 |
AALejournalIMF022012 |
| 008 |
230101c9999 xx r poo 0 0eng d |
| 020 |
|
|
|z 9781484313480
|
| 022 |
|
|
|a 0256-2561
|
| 040 |
|
|
|a BD-DhAAL
|c BD-DhAAL
|
| 110 |
2 |
|
|a International Monetary Fund.
|b External Relations Dept.
|
| 240 |
1 |
0 |
|a Finance and Development, June 2014.
|l Chinese
|
| 245 |
1 |
0 |
|a Finance and Development, June 2014.
|
| 264 |
|
1 |
|a Washington, D.C. :
|b International Monetary Fund,
|c 2014.
|
| 300 |
|
|
|a 1 online resource (60 pages)
|
| 490 |
1 |
|
|a Finance and Development
|
| 500 |
|
|
|a <strong>Off-Campus Access:</strong> No User ID or Password Required
|
| 500 |
|
|
|a <strong>On-Campus Access:</strong> No User ID or Password Required
|
| 506 |
|
|
|a Electronic access restricted to authorized BRAC University faculty, staff and students
|
| 520 |
3 |
|
|a Finance and Development, June 2014.
|
| 538 |
|
|
|a Mode of access: Internet
|
| 830 |
|
0 |
|a Finance and Development; Finance and Development ;
|v No. 0051/002
|
| 856 |
4 |
0 |
|z Full text available on IMF
|u http://elibrary.imf.org/view/journals/022/0051/002/022.0051.issue-002-zh.xml
|z IMF e-Library
|